000 00278nam a2200121Ia 4500
008 190216s9999||||xx |||||||||||||| ||und||
100 _aJanardhanapillai
245 0 _aReal Analysis
260 _bAjith Book Center
_c1998
300 _a400
650 _aMathematics
942 _cBK
999 _c31351
_d31351